| 000 | 01760nam a2200241Ia 4500 | ||
|---|---|---|---|
| 003 | Ost | ||
| 005 | 20260507075035.0 | ||
| 008 | 260507s9999||||xx |||||||||||||| ||und|| | ||
| 020 | _a8735919977 | ||
| 040 | _cfsecg | ||
| 041 | _aara | ||
| 082 | _a330 | ||
| 100 |
_aديبان، سيد عبد المقصود _eمؤلف |
||
| 245 | 0 |
_aمدخل الى نظم المعلومات المحاسبية / _c سيد عبد المقصود ديبان |
|
| 260 |
_aالإسكندرية: _bدار الجامعة الجديدة, _c2002 |
||
| 300 |
_a431 صفحة؛ _bإيضاحات ؛ _c24 سم |
||
| 520 | _aإطار نظام معلومات المحاسبية المالية- إطار نظام المعلومات المحاسبية الإدارية- المحاسبة ومفاهيم النظم- أدوات تحليل وتصميم النظم- تحليل التكلفة-المنفعة في تقسيم النظم- النظم التطبيقية لدورات العمليات المحاسبية- النظم الإنسانية لتشغيل المعلومات- تصميم النظام المحاسب المستخدم للحاسب- التعريف بقواعد البيانات- إستخدام قاعدة البيانات لأول مرة- الأوامر المتقدمة لقاعدة البيانات- برمجة قواعد البيانات- تطبيق على إستخدام الحاسب في المحاسبة المالية- أمن ووقاية المعلومات في ظل الأنظمة المستخدمة للحاسبات | ||
| 653 | _aالمحاسبة | ||
| 653 | _aالمحاسبة الإلكترونية | ||
| 653 | _aنظم المعلومات -المحاسبة | ||
| 700 |
_aالفيومي، محمد محمد وآخرون _eمؤلف ثانوي |
||
| 942 | _cكتاب | ||
| 999 |
_c42451 _d42451 |
||